000 00682nam a2200289Ia 4500
005 20260324145001.0
008 008 260324s9999 xx 000 0 eng d
020 _a9780203214817
037 _aEBOOK
040 _aCRL
040 _beng
040 _cCRL
041 _2eng
041 _aeng
084 _qCRL
100 _aGordon Wells; John Nicholls
_91221331
245 0 _aLanguage And Learning
245 3 _bAn Interactional Perspective
260 _bTaylor and Francis
260 _c1985
365 _a
365 _b215
856 _uhttp://www.taylorfrancis.com/books/9780203214817
942 _cEBOOK
999 _c1828620
_d1828620